000 00570nam a2200181 i 4500
001 87844
003 ES-MaACL
005 20230906175742.0
007 t|
008 041223m19101911be ||||1| fre d
100 1 _aKuyper, Abraham.
_969092
245 1 0 _aAutour de l'ancienne mer du monde /
_cA. Kuyper ; traduit du néerlandais par Léon Hebbelynck et Jules Kleyntjens.
260 _aBruxelles :
_bAlbert Dewit,
_c1910-11.
300 _a2 v. ;
_c24 cm.
700 1 _aHebbelynck, Léon.
_962256
700 1 _aKleyntjens, Jules.
_968253
852 _aES-MaACL
_jF-6845-46
999 _c87844
_d87844